MARC

LEADER 00000nam0a2200000 4500
001 292758
005 20231102000528.0
035 |a (RuTPU)RU\TPU\book\317394 
090 |a 292758 
100 |a 20150424d1983 km y0rusy50 ca 
101 1 |a rus  |c eng 
102 |a RU 
105 |a y z 001zy 
200 1 |a Рыба красного цвета. История одной тайной войны  |e пер. с англ.  |f У. Хинкл, У. Тернер  |g под ред. О. Т. Дарусенкова 
210 |a Москва  |c Прогресс  |d 1983 
215 |a 349 с. 
320 |a Именной указатель: с. 341-348 
606 1 |a США  |x Внешняя политика в отношении отдельных стран  |z 20 в.  |2 stltpush  |3 (RuTPU)RU\TPU\subj\74026  |9 86630 
610 1 |a международные отношения 
610 1 |a Куба 
610 1 |a советско-кубинские отношения 
610 1 |a история 
610 1 |a революционное движение 
610 1 |a национально-освободительная война 
610 1 |a ЦРУ 
610 1 |a внутренняя политика 
610 1 |a ФБР 
686 |a Ф4(7США)9  |v LBC/SL-A  |2 rubbk 
700 1 |a Хинкл  |b У. 
701 1 |a Тернер  |b У. 
702 1 |a Дарусенков  |b О. Т.  |4 340 
801 1 |a RU  |b 63413507  |c 20150424 
801 2 |a RU  |b 63413507  |c 20180410  |g RCR 
942 |c BK